[Event "DVM U16 2018"]
[Site "Aurich GER"]
[Date "2018.12.27"]
[Round "2"]
[White "Dietlmeier, Tobias"]
[Black "Seidel, Arne Christian"]
[Result "1/2-1/2"]
[Termination "normal"]
[Board "4.4"]
[WhiteElo "1769"]
[BlackElo "1602"]
[WhiteTeam "TV Tegernsee"]
[BlackTeam "Reideburger SV 90 Halle"]
[PlyCount "104"]
[WhiteFideId "16213963"]
[BlackFideId "16235142"]
[EventCountry "GER"]
[EventRounds "7"]
[EventType "team-swiss"]
[EventDate "2018.12.26"]

1. d4 Nf6 2. Bf4 d6 3. e3 g6 4. Nf3 Bg7 5. h3 O-O 6. c4 Nbd7 7. Nc3 c5 8. Be2
Re8 9. d5 Qb6 10. Qc2 e5 11. dxe6 fxe6 12. Rd1 e5 13. Bg5 Rf8 14. O-O Nb8 15.
Bxf6 Bxf6 16. Nd5 Qd8 17. Nd2 Bg7 18. Ne4 Bf5 19. Bd3 Nc6 20. a3 Ne7 21. Nec3
Be6 22. Be4 Kh8 23. Nb5 Bxd5 24. Bxd5 a6 25. Nc3 Qc7 26. Ne4 Rad8 27. Ng5 Nxd5
28. cxd5 b5 29. Ne6 Qd7 30. Nxd8 Qxd8 31. a4 b4 32. Qc4 Qc8 33. Rd3 h5 34. e4
Bh6 35. Rg3 Kh7 36. Qe2 Rf7 37. Rf3 Ra7 38. Rf6 Qd8 39. Re6 Bg7 40. Qf3 Re7 41.
Rxe7 Qxe7 42. Re1 Qe8 43. b3 Qe7 44. Qd3 Qb7 45. Re3 Bh6 46. Rf3 Kg7 47. Qe2
Bf4 48. Qb2 Bh6 49. Qe2 Bf4 50. g3 Bh6 51. g4 h4 52. Qf1 Bg5 1/2-1/2

[Event "DVM U16 2018"]
[Site "Aurich GER"]
[Date "2018.12.27"]
[Round "2"]
[White "Runte, Moritz"]
[Black "Knüdel, Torben"]
[Result "1-0"]
[Termination "normal"]
[Board "5.1"]
[WhiteElo "1963"]
[BlackElo "2204"]
[WhiteTeam "SV Hemer"]
[BlackTeam "Post SV Uelzen"]
[PlyCount "73"]
[WhiteFideId "12991449"]
[BlackFideId "16208820"]
[EventCountry "GER"]
[EventRounds "7"]
[EventType "team-swiss"]
[EventDate "2018.12.26"]

1. e4 e5 2. Nf3 Nc6 3. Bc4 Bc5 4. c3 Nf6 5. d3 a6 6. Bb3 Ba7 7. Nbd2 O-O 8. Nf1
d5 9. Qe2 dxe4 10. dxe4 h6 11. Ng3 Qe7 12. h3 Be6 13. Bc2 b5 14. Nh4 Rad8 15.
Nhf5 Qd7 16. Qf3 Ne8 17. O-O f6 18. Rd1 Nd6 19. Bb3 Kh8 20. Qg4 Rg8 21. Qh4
Nxf5 22. Nxf5 Bxf5 23. exf5 Qxf5 24. Bxh6 Qh7 25. Bxg8 Kxg8 26. Qg4 Rxd1+ 27.
Rxd1 Qxh6 28. Qe6+ Kh7 29. Qxc6 Qf4 30. Qf3 Qxf3 31. gxf3 Bc5 32. Rd8 Bb6 33.
b4 Kg6 34. Ra8 Kf5 35. Rxa6 Ke6 36. a4 Kd5 37. a5 1-0

[Event "DVM U16 2018"]
[Site "Aurich GER"]
[Date "2018.12.27"]
[Round "2"]
[White "von Estorff, Jacob"]
[Black "Leonard, Timo"]
[Result "1-0"]
[Termination "normal"]
[Board "5.2"]
[WhiteElo "2001"]
[BlackElo "1833"]
[WhiteTeam "Post SV Uelzen"]
[BlackTeam "SV Hemer"]
[PlyCount "103"]
[WhiteFideId "12974501"]
[BlackFideId "16208757"]
[EventCountry "GER"]
[EventRounds "7"]
[EventType "team-swiss"]
[EventDate "2018.12.26"]

1. e4 e6 2. d4 d5 3. Nbd2 Be7 4. c3 c5 5. Ngf3 Nf6 6. Bb5 Nc6 7. exd5 Nxd5 8.
O-O O-O 9. dxc5 Bxc5 10. Ne4 Be7 11. Bg5 h6 12. Bxe7 Qxe7 13. Qe2 a6 14. Ba4 b5
15. Bc2 Rfd8 16. Rfd1 Bb7 17. a4 bxa4 18. Bxa4 Nb6 19. Rxd8 Rxd8 20. Bc2 Rd5
21. Rd1 Na5 22. h3 Nac4 23. b3 Nd6 24. Nxd6 Qxd6 25. c4 Rxd1 26. Qxd1 Qxd1 27.
Bxd1 Kf8 28. Nd2 Ke7 29. f3 e5 30. Kf2 Ke6 31. Ke3 f5 32. b4 Bc6 33. Be2 g5 34.
Nb3 Nd7 35. Na5 Ba4 36. g4 fxg4 37. hxg4 Nb8 38. Bd3 Nc6 39. Nb7 Kf6 40. Nc5
Bd1 41. Nxa6 Nd4 42. Be4 Be2 43. Bd5 h5 44. gxh5 g4 45. fxg4 Bxg4 46. b5 Bc8
47. Nc5 Nf5 48. Kd3 Kg5 49. b6 Kxh5 50. Be6 e4 51. Kxe4 Nd6 52. Kd5  1-0

[Event "DVM U16 2018"]
[Site "Aurich GER"]
[Date "2018.12.27"]
[Round "2"]
[White "Trinh, Fabian Dat"]
[Black "Askerov, Imamali"]
[Result "1-0"]
[Termination "normal"]
[Board "5.3"]
[WhiteElo "1751"]
[BlackElo "1964"]
[WhiteTeam "SV Hemer"]
[BlackTeam "Post SV Uelzen"]
[PlyCount "123"]
[WhiteFideId "16243641"]
[BlackFideId "12974498"]
[EventCountry "GER"]
[EventRounds "7"]
[EventType "team-swiss"]
[EventDate "2018.12.26"]

1. d4 Nf6 2. Bf4 d5 3. e3 c5 4. c3 Nc6 5. Nd2 Bf5 6. Qb3 Qb6 7. dxc5 Qxb3 8.
axb3 e5 9. Bg3 Bxc5 10. Ngf3 Nd7 11. b4 Bd6 12. Bb5 O-O 13. O-O a6 14. Be2 Rfe8
15. Nb3 f6 16. Na5 Nxa5 17. Rxa5 Be6 18. Rd1 Bc7 19. R5a1 Nb6 20. h3 Red8 21.
Nd2 Bf5 22. Rdc1 Bd6 23. Nb3 Rac8 24. Na5 Rc7 25. Rd1 Be7 26. Rd2 Rcd7 27. Rad1
d4 28. exd4 exd4 29. Rxd4 Rxd4 30. Rxd4 Rxd4 31. cxd4 Be4 32. Bc7 Na8 33. Bf4
Bxb4 34. Bc4 Kf8 35. f3 Bxf3 36. gxf3 Bxa5 37. Bd5 Bb6 38. Be3 Nc7 39. Bxb7 Ke7
40. Kf2 a5 41. Ke2 Kd7 42. Kd3 Ne6 43. Kc4 Nc7 44. h4 Kd6 45. h5 h6 46. Bf4 Kd7
47. d5 Bf2 48. Bc6 Kd8 49. d6 Ne6 50. Bd2 Bd4 51. Bxa5 Kc8 52. d7 Kb8 53. d8Q
Nxd8 54. Bxd8 Bxb2 55. Kd5 Kc8 56. Be7 Kc7 57. Bf8 f5 58. Ba4 Bf6 59. Ke6 f4
60. Kf7 Bg5 61. Bxg7 Kd6 62. Kg6  1-0

[Event "DVM U16 2018"]
[Site "Aurich GER"]
[Date "2018.12.27"]
[Round "2"]
[White "Rothenberg, Nina"]
[Black "Naumenko, Valerija"]
[Result "1-0"]
[Termination "normal"]
[Board "5.4"]
[WhiteElo "1696"]
[BlackElo "1619"]
[WhiteTeam "Post SV Uelzen"]
[BlackTeam "SV Hemer"]
[PlyCount "103"]
[WhiteFideId "16208943"]
[BlackFideId "16222890"]
[EventCountry "GER"]
[EventRounds "7"]
[EventType "team-swiss"]
[EventDate "2018.12.26"]

1. e4 e5 2. Bc4 Nf6 3. d3 c6 4. Nf3 Be7 5. Nc3 d6 6. h3 Nbd7 7. O-O O-O 8. d4
exd4 9. Nxd4 Nxe4 10. Nxe4 d5 11. Bxd5 cxd5 12. Ng3 Re8 13. Ndf5 Bf6 14. Qxd5
Re5 15. Qf3 Nb6 16. Ne3 Rb5 17. c3 Na4 18. Qe2 Qe8 19. Nd5 Qxe2 20. Nxf6 gxf6
21. Nxe2 Nxb2 22. Rb1 Bf5 23. Rxb2 Rxb2 24. Bxb2 Bd3 25. Re1 Re8 26. Kf1 Re6
27. f3 b5 28. Kf2 Bc4 29. Nd4 Rxe1 30. Kxe1 a6 31. a3 Kg7 32. Bc1 Kg6 33. Bf4
Bd5 34. Kf2 f5 35. Kg3 Bc4 36. Nc6 Be6 37. Bc7 Kh5 38. Kf4 Bc4 39. g3 Bf1 40.
h4 Bc4 41. Nb8 Be2 42. Nxa6 Kg6 43. Nb4 Bc4 44. Nc6 Kf6 45. Nd4 Bd3 46. Bd8 Kg6
47. Be7 h6 48. Nxf5 b4 49. axb4 Bxf5 50. h5 Kxh5 51. Kxf5 f6 52. g4  1-0

[Event "DVM U16 2018"]
[Site "Aurich GER"]
[Date "2018.12.27"]
[Round "2"]
[White "Garbuz, Vitaliy"]
[Black "Kittelberger, Mattis"]
[Result "1/2-1/2"]
[Termination "normal"]
[Board "6.1"]
[WhiteElo "2119"]
[BlackElo "1790"]
[WhiteTeam "SF Brackel"]
[BlackTeam "SC Aurich"]
[PlyCount "135"]
[WhiteFideId "12990710"]
[BlackFideId "12965103"]
[EventCountry "GER"]
[EventRounds "7"]
[EventType "team-swiss"]
[EventDate "2018.12.26"]

1. e4 c5 2. Nf3 e6 3. c3 Nf6 4. e5 Nd5 5. d4 cxd4 6. cxd4 d6 7. a3 Bd7 8. Bd3
Bc6 9. O-O Be7 10. Qe2 O-O 11. Qe4 Nf6 12. Qe2 Nd5 13. Bd2 Nd7 14. Re1 dxe5 15.
dxe5 Nc5 16. Bc2 a5 17. Nc3 Qb6 18. Rab1 Rfd8 19. Nd4 Nxc3 20. Bxc3 Bd5 $11 21.
Qg4 Nb3 22. Ne2 Bc5 23. Qg3 Nd4 24. Bxd4 Bxd4 25. Bxh7+ Kxh7 26. Qh4+ Kg8 27.
Qxd4 Qxd4 28. Nxd4 Ba2 29. Rbd1 Rd5 30. Nf3 Rad8 31. Rxd5 Rxd5 32. Rc1 Rb5 33.
Rc2 Bb1 34. Rd2 Kf8 35. h4 Be4 36. Ng5 Rxe5 37. Re2 Rxg5 38. hxg5 Bd5 39. Rc2
Bc6 40. Rc5 a4 41. Kh2 Ke7 42. Kg3 g6 43. Kf4 Kd6 44. Ra5 b5 45. Ra7 Bd5 46.
Ra6+ Kc5 47. Ke5 Bxg2 48. Kf6 Be4 49. Kxf7 Kc4 50. Rb6 Bd3 51. Rxe6 Kb3 52. Re3
Kc2 53. Rxd3 Kxd3 54. Kxg6 Kc2 55. Kh5 Kxb2 56. g6 Kxa3 57. g7 b4 58. g8=Q b3
59. Qc4 b2 60. Qc3+ Ka2 61. Qd2 a3 62. Qd5+ Ka1 63. Qd4 Ka2 64. Qc4+ Ka1 65.
Qb3 a2 66. Qc3 Kb1 67. Qe1+ Kc2 68. Qe2+ 1/2-1/2

[Event "DVM U16 2018"]
[Site "Aurich GER"]
[Date "2018.12.27"]
[Round "2"]
[White "Dirks, Simon"]
[Black "Kartsev, Nikolay"]
[Result "0-1"]
[Termination "normal"]
[Board "6.2"]
[WhiteElo "1617"]
[BlackElo "2055"]
[WhiteTeam "SC Aurich"]
[BlackTeam "SF Brackel"]
[PlyCount "110"]
[WhiteFideId "16255666"]
[BlackFideId "12939536"]
[EventCountry "GER"]
[EventRounds "7"]
[EventType "team-swiss"]
[EventDate "2018.12.26"]

1. Nf3 c5 2. c4 b6 3. Nc3 Bb7 4. g3 g6 5. Bg2 Bg7 6. d3 Nh6 7. Bf4 e5 8. Bg5 f6
9. Bd2 Nf5 10. h4 Na6 11. a3 Nc7 12. b4 d6 13. e3 Bc6 14. h5 Qe7 15. Nd5 Qf7
16. Nxc7 Qxc7 17. b5 Bb7 18. e4 Nd4 19. Nxd4 exd4 20. hxg6 hxg6 21. Rxh8 Bxh8
22. Qg4 Qf7 23. f4 f5 24. Qh4 Bf6 25. Qh1 O-O-O 26. exf5 gxf5 27. Bxb7 Qxb7 28.
Qxb7 Kxb7 29. Kf2 Rh8 30. Kg2 Kc7 31. a4 Re8 32. Kf3 Rh8 33. a5 Rh2 34. Be1 Kb7
35. Bf2 Rh7 36. Re1 bxa5 37. Ra1 Bd8 38. Re1 Kc7 39. Re8 Rf7 40. Rh8 Kd7 41.
Be1 Re7 42. Bd2 Bc7 43. g4 fxg4 44. Kxg4 Re2 45. Rh7 Kc8 46. Bc1 Rc2 47. Rh1 a4
48. Rf1 Kd7 49. f5 Ke7 50. Bg5 Kf7 51. Re1 Rg2 52. Kh4 Rh2 53. Kg3 d5 54. Kf3
Rh3 55. Kf2 Bg3 0-1

[Event "DVM U16 2018"]
[Site "Aurich GER"]
[Date "2018.12.27"]
[Round "2"]
[White "Kracht, Raphael"]
[Black "Abele, Anais"]
[Result "1/2-1/2"]
[Termination "normal"]
[Board "6.3"]
[WhiteElo "2047"]
[BlackElo "1700"]
[WhiteTeam "SF Brackel"]
[BlackTeam "SC Aurich"]
[PlyCount "95"]
[WhiteFideId "16214382"]
[BlackFideId "16208927"]
[EventCountry "GER"]
[EventRounds "7"]
[EventType "team-swiss"]
[EventDate "2018.12.26"]

1. e4 c5 2. d4 cxd4 3. c3 dxc3 4. Nxc3 Nc6 5. Nf3 d6 6. Bc4 a6 7. O-O Nf6 8.
Bf4 e6 9. Qe2 Be7 10. Rfd1 Qc7 11. Rac1 Qb8 12. a3 Ne5 13. Ba2 O-O 14. Nd4 Bd7
15. h3 Nc6 16. Be3 Nxd4 17. Bxd4 Bc6 18. f4 e5 19. fxe5 dxe5 20. Nd5 Bxd5 21.
exd5 Bd6 22. Be3 Rc8 23. Bg5 Rxc1 24. Rxc1 Qd8 25. Kh1 h6 26. Bh4 Rc8 27. Rf1
g5 28. Be1 Kg7 29. Bc3 Qe7 30. Qf3 Nd7 31. Bb1 Nf6 32. Qf5 Rc5 33. h4 gxh4 34.
Be1 Rc1 35. Bxh4 Rxf1 36. Qxf1 Bc7 37. Qf5 Qd6 38. g3 Bd8 39. Qf3 Qc5 40. Qd3
Qc1 41. Kg2 Qxb2 42. Bc2 e4 43. Bxf6 Bxf6 44. Qxe4 Qxa3 45. Qh7 Kf8 46. Qxh6
Bg7 47. Qf4 Qe7 48. Qb8  1/2-1/2

[Event "DVM U16 2018"]
[Site "Aurich GER"]
[Date "2018.12.27"]
[Round "2"]
[White "Rajendram, Reanosh"]
[Black "Seref, Erdogan"]
[Result "0-1"]
[Termination "normal"]
[Board "6.4"]
[WhiteElo "1579"]
[BlackElo "2015"]
[WhiteTeam "SC Aurich"]
[BlackTeam "SF Brackel"]
[PlyCount "62"]
[WhiteFideId "12965162"]
[BlackFideId "16206827"]
[EventCountry "GER"]
[EventRounds "7"]
[EventType "team-swiss"]
[EventDate "2018.12.26"]

1. e4 e5 2. Nf3 Nc6 3. Bc4 Bc5 4. c3 Nf6 5. d4 exd4 6. e5 d5 7. Bb5 Ne4 8. cxd4
Bb4 9. Bd2 Bxd2 10. Nbxd2 O-O 11. O-O Bf5 12. a3 Ne7 13. Re1 Ng6 14. Ba4 Nh4
15. Bc2 Nxd2 16. Nxh4 Bxc2 17. Qxc2 Qxh4 18. Qxd2 Rae8 19. Re3 Qf4 20. Qc3 c6
21. Rf3 Qg4 22. Re1 Qe6 23. R1e3 Rc8 24. Rg3 Rfd8 25. Ref3 c5 26. Rf6 Qe7 27.
Qe3 Kh8 28. Qg5 Rg8 29. Rg6 cxd4 30. h3 Qxg5 31. R6xg5 g6 0-1

[Event "DVM U16 2018"]
[Site "Aurich GER"]
[Date "2018.12.27"]
[Round "2"]
[White "Zyla, Lennert"]
[Black "Kuznecovs, Nikita"]
[Result "0-1"]
[Termination "normal"]
[Board "7.1"]
[WhiteElo "1829"]
[BlackElo "2256"]
[WhiteTeam "SG Porz"]
[BlackTeam "SG Blau-Weiß Stadtilm"]
[PlyCount "64"]
[WhiteFideId "12981567"]
[BlackFideId "11604557"]
[EventCountry "GER"]
[EventRounds "7"]
[EventType "team-swiss"]
[EventDate "2018.12.26"]

1. e4 c5 2. Nf3 Nf6 3. Nc3 d5 4. e5 Nfd7 5. d4 e6 6. Bf4 cxd4 7. Nxd4 Nc6 8.
Nf3 Be7 9. Bd3 g5 10. Bg3 g4 11. Nd2 Ndxe5 12. Bb5 Ng6 13. Qxg4 h5 14. Qf3 h4
15. Bf4 d4 16. Nce4 e5 17. Bg5 f5 18. Nf6+ Bxf6 19. Bxc6+ bxc6 20. Qxc6+ Bd7
21. Qxf6 Qxf6 22. Bxf6 O-O 23. Bg5 f4 24. g3 hxg3 25. hxg3 fxg3 26. fxg3 Rac8
27. Rc1 Rf5 28. Rh5 e4 29. g4 Rf7 30. Rh6 Kg7 31. Nb3 Rc4 32. Rh2 Ne5 0-1

[Event "DVM U16 2018"]
[Site "Aurich GER"]
[Date "2018.12.27"]
[Round "2"]
[White "Wolf, Philipp"]
[Black "Gallasch, Robin"]
[Result "0-1"]
[Termination "normal"]
[Board "7.2"]
[WhiteElo "1913"]
[BlackElo "1902"]
[WhiteTeam "SG Blau-Weiß Stadtilm"]
[BlackTeam "SG Porz"]
[PlyCount "104"]
[WhiteFideId "12958948"]
[BlackFideId "16222423"]
[EventCountry "GER"]
[EventRounds "7"]
[EventType "team-swiss"]
[EventDate "2018.12.26"]

1. e4 c6 2. d4 d5 3. e5 c5 4. dxc5 e6 5. a3 Nc6 6. Nf3 Bxc5 7. b4 Bb6 8. Bb2
Nge7 9. Bd3 Ng6 10. O-O O-O 11. Nbd2 Nf4 12. Nb3 Qe7 13. Qd2 Nxd3 14. Qxd3 Rd8
15. Rfd1 Bd7 16. Rac1 Rac8 17. Nbd2 a5 18. b5 Nb8 19. a4 Be8 20. Qb3 Bc5 21. c4
b6 22. cxd5 Rxd5 23. Ne4 Qb7 24. Rxd5 exd5 25. Nd6 Bxd6 26. Rxc8 Qxc8 27. exd6
Nd7 28. h3 Qb7 29. Qc3 f6 30. Qc7 Nc5 31. Qd8 Kf7 32. Nd4 Qd7 33. Qxd7 Bxd7 34.
Nc6 Nxa4 35. Ba3 Nc3 36. Nd4 Nxb5 37. Nxb5 Bxb5 38. f4 Ke6 39. Kf2 Kd7 40. Ke3
Kc6 41. g3 Bf1 42. h4 Bh3 43. Kd4 h5 44. d7 Bxd7 45. Bf8 g6 46. Be7 f5 47. Ke5
b5 48. Bd8 Kc5 49. Bxa5 b4 50. Kf6 d4 51. Kxg6 d3 52. Kxh5 d2 0-1

[Event "DVM U16 2018"]
[Site "Aurich GER"]
[Date "2018.12.27"]
[Round "2"]
[White "Sewald, Richard"]
[Black "Creß, Bastian"]
[Result "1-0"]
[Termination "normal"]
[Board "7.3"]
[WhiteElo "1687"]
[BlackElo "1705"]
[WhiteTeam "SG Porz"]
[BlackTeam "SG Blau-Weiß Stadtilm"]
[PlyCount "121"]
[WhiteFideId "12983586"]
[BlackFideId "16208846"]
[EventCountry "GER"]
[EventRounds "7"]
[EventType "team-swiss"]
[EventDate "2018.12.26"]

1. Nf3 Nf6 2. g3 g6 3. Bg2 Bg7 4. d3 O-O 5. O-O d6 6. c3 e5 7. e4 h6 8. h3 Be6
9. Be3 Nc6 10. Qc2 Nh5 11. d4 Bd7 12. Nbd2 Kh7 13. Kh2 Kh8 14. dxe5 dxe5 15.
Ng1 g5 16. Ne2 Ne7 17. Rad1 Ng6 18. Nb3 Qe8 19. Nc5 Bc6 20. c4 b6 21. Na6 Rc8
22. Nc3 Bb7 23. Nb4 Rg8 24. Bf3 Nf6 25. Nbd5 c6 26. Nxf6 Bxf6 27. Bg4 Rc7 28.
c5 b5 29. b4 Bc8 30. Bf5 Ne7 31. Rd6 Bg7 32. Rfd1 Nxf5 33. exf5 f6 34. g4 Qf7
35. Qd3 Bf8 36. Rd8 Kh7 37. Qe4 Be7 38. R8d3 Re8 39. R1d2 Kg7 40. Qf3 Qc4 41.
Qe4 Qf7 42. a3 Rh8 43. Ne2 h5 44. f3 Kg8 45. Ng3 h4 46. Ne2 Kg7 47. Nc1 Qe8 48.
Bxg5 Kf7 49. Be3 Qg8 50. Kg2 Qg7 51. Kf2 Re8 52. Nb3 Bb7 53. Na5 Rec8 54. Rd7
Ba8 55. R2d6 Qg8 56. Qd3 Ke8 57. Rxc7 Qa2 58. Qd2 Qxd2 59. Rxd2 Rxc7 60. Ke2
Kf7 61. Bf2  1-0

[Event "DVM U16 2018"]
[Site "Aurich GER"]
[Date "2018.12.27"]
[Round "2"]
[White "Rapp, Lukas"]
[Black "Sporer, Benedikt"]
[Result "1-0"]
[Termination "normal"]
[Board "7.4"]
[WhiteElo "1719"]
[BlackElo "1306"]
[WhiteTeam "SG Blau-Weiß Stadtilm"]
[BlackTeam "SG Porz"]
[PlyCount "73"]
[WhiteFideId "12989320"]
[BlackFideId "16274849"]
[EventCountry "GER"]
[EventRounds "7"]
[EventType "team-swiss"]
[EventDate "2018.12.26"]

1. e4 e5 2. Nf3 Nc6 3. Bc4 Nf6 4. Ng5 d5 5. exd5 Na5 6. Bb5 Bd7 7. Qe2 Bd6 8.
d4 Qe7 9. Bd2 b6 10. Bxd7 Nxd7 11. Ne4 Nb7 12. Nxd6 cxd6 13. dxe5 Qxe5 14. Qxe5
dxe5 15. O-O O-O 16. Na3 Rfd8 17. Rfd1 Nf6 18. c4 Rac8 19. Rac1 a6 20. Bg5 Rd6
21. Bxf6 Rxf6 22. Re1 Re8 23. Nc2 Nc5 24. Re3 Rd6 25. Nb4 f6 26. Nc6 Kf7 27. b4
Nb7 28. Rd3 Nd8 29. Nb8 Nb7 30. Nxa6 b5 31. cxb5 Red8 32. Rc7 R8d7 33. Rxd7
Rxd7 34. Nc5 Rc7 35. d6 Rc8 36. d7 Nxc5 37. dxc8Q  1-0

[Event "DVM U16 2018"]
[Site "Aurich GER"]
[Date "2018.12.27"]
[Round "2"]
[White "Bethke, Richard"]
[Black "Lieberwirth, Kasimir"]
[Result "1/2-1/2"]
[Termination "normal"]
[Board "8.1"]
[WhiteElo "2219"]
[BlackElo "2104"]
[WhiteTeam "SF Neuberg"]
[BlackTeam "SG Turm Leipzig"]
[PlyCount "67"]
[WhiteFideId "12959243"]
[BlackFideId "12988146"]
[EventCountry "GER"]
[EventRounds "7"]
[EventType "team-swiss"]
[EventDate "2018.12.26"]

1. e4 c5 2. Nf3 d6 3. d4 cxd4 4. Nxd4 Nf6 5. Nc3 a6 6. Be3 e5 7. Nf3 Be7 8. Bc4
O-O 9. O-O Qc7 10. Bd5 Nbd7 11. Bg5 h6 12. Bxf6 Nxf6 13. Qe2 Be6 14. Rfd1 Rac8
15. Ne1 Bg4 16. f3 Qb6+ 17. Qf2 Qxf2+ 18. Kxf2 Be6 19. Bxb7 Rb8 20. Bxa6 Rxb2
21. a4 Ra8 22. Bb5 Rc8 23. Rd3 Rb4 24. g3 g5 25. g4 h5 26. h3 hxg4 27. hxg4 Kg7
28. Ke2 Re8 29. Rad1 Rh8 30. Ng2 d5 31. exd5 e4 32. Nxe4 Rxe4+ 33. fxe4 Bxg4+
34. Kd2 1/2-1/2

[Event "DVM U16 2018"]
[Site "Aurich GER"]
[Date "2018.12.27"]
[Round "2"]
[White "Weimert, Miriam"]
[Black "Bethke, Robert"]
[Result "1/2-1/2"]
[Termination "normal"]
[Board "8.2"]
[WhiteElo "1792"]
[BlackElo "2000"]
[WhiteTeam "SG Turm Leipzig"]
[BlackTeam "SF Neuberg"]
[PlyCount "72"]
[WhiteFideId "12966703"]
[BlackFideId "12959251"]
[EventCountry "GER"]
[EventRounds "7"]
[EventType "team-swiss"]
[EventDate "2018.12.26"]

1. Nf3 d5 2. c4 e6 3. b3 Nf6 4. Bb2 c5 5. g3 Nc6 6. Bg2 d4 7. O-O Be7 8. d3 e5
9. Nbd2 Bf5 10. Ng5 Qd7 11. Re1 h6 12. Nge4 Nxe4 13. Nxe4 O-O 14. Ba3 b6 15.
Bc1 Rac8 16. a3 Bg4 17. f3 Be6 18. Bd2 f5 19. Nf2 Bd6 20. Qc1 Kh7 21. Rb1 a5
22. Qc2 g5 $11 23. Qc1 Rg8 24. Kh1 Qf7 25. Kg1 Qg6 26. Rb2 Rc7 27. Rb1 Bc8 28.
Qc2 Be7 29. Rb2 $11 h5 30. h3 Bd6 31. Rf1 e4 32. fxe4 Bxg3 33. exf5 Bxf5 34.
Ne4 Bf4 35. Qc1 Re7 36. Rc2 Kh8 1/2-1/2

[Event "DVM U16 2018"]
[Site "Aurich GER"]
[Date "2018.12.27"]
[Round "2"]
[White "Baranyai-Molnar, Adam-Kristof"]
[Black "Ortlepp, Klaudia"]
[Result "1-0"]
[Termination "normal"]
[Board "8.3"]
[WhiteElo "1883"]
[BlackElo "1520"]
[WhiteTeam "SF Neuberg"]
[BlackTeam "SG Turm Leipzig"]
[PlyCount "75"]
[WhiteFideId "768022"]
[BlackFideId "16206045"]
[EventCountry "GER"]
[EventRounds "7"]
[EventType "team-swiss"]
[EventDate "2018.12.26"]

1. e4 e5 2. Nf3 Nc6 3. Bc4 Nf6 4. Nc3 Bc5 5. d3 d6 6. Bg5 h6 7. Bxf6 Qxf6 8.
Nd5 Qd8 9. c3 Na5 10. b4 Nxc4 11. bxc5 Na5 12. cxd6 Qxd6 13. O-O O-O 14. Qc2
Be6 15. Ne3 c5 16. Rfd1 Nc6 17. Rab1 Qe7 18. Nd2 Na5 19. Nd5 Qd7 20. c4 b6 21.
Rf1 Nc6 22. f4 exf4 23. Rxf4 Bg4 24. Nb3 Rad8 25. Qf2 Ne5 26. Qg3 Kh8 27. d4
cxd4 28. Nxd4 f6 29. h3 Bh5 30. Rbf1 Nxc4 31. Rh4 Qf7 32. Nf5 Qg6 33. Rxh5 Qxg3
34. Nxg3 Rde8 35. Rhf5 Nd6 36. R5f4 b5 37. Nf5 Rxe4 38. Nxd6  1-0

[Event "DVM U16 2018"]
[Site "Aurich GER"]
[Date "2018.12.27"]
[Round "2"]
[White "Lieberwirth, Nele"]
[Black "Emmerich, Julian"]
[Result "0-1"]
[Termination "normal"]
[Board "8.4"]
[WhiteElo "1328"]
[BlackElo "1241"]
[WhiteTeam "SG Turm Leipzig"]
[BlackTeam "SF Neuberg"]
[PlyCount "86"]
[WhiteFideId "16259483"]
[BlackFideId "16274822"]
[EventCountry "GER"]
[EventRounds "7"]
[EventType "team-swiss"]
[EventDate "2018.12.26"]

1. d4 d5 2. c4 e6 3. Nc3 Nf6 4. Nf3 Nbd7 5. Bg5 Be7 6. e3 O-O 7. Bd3 dxc4 8.
Bxc4 b6 9. O-O Bb7 10. Bf4 Nh5 11. Nd2 Nxf4 12. exf4 Bd6 13. Qg4 Qf6 14. Ne2
Rfe8 15. Bb5 Re7 16. Rfe1 Nf8 17. Nf3 Ng6 18. Ne5 h5 19. Qg3 Bxe5 20. fxe5 Qf5
21. Bd3 Be4 22. Rad1 Bxd3 23. Rxd3 Rd8 24. Rf3 h4 25. Rxf5 hxg3 26. Rh5 gxf2
27. Kxf2 Red7 28. g4 Ne7 29. h4 Nc6 30. Rg5 Nxd4 31. Nxd4 Rxd4 32. h5 Rd2 33.
Re2 Kh7 34. h6 g6 35. Ke3 Rxe2 36. Kxe2 Kxh6 37. Rxg6 Kxg6 38. Ke3 Kg5 39. Kf3
Rd2 40. b3 Rxa2 41. Kg3 Rd2 42. b4 a5 43. bxa5 bxa5 0-1

[Event "DVM U16 2018"]
[Site "Aurich GER"]
[Date "2018.12.27"]
[Round "2"]
[White "Jakob, Georg"]
[Black "Waffenschmidt, Lars"]
[Result "1-0"]
[Termination "normal"]
[Board "9.1"]
[WhiteElo "2015"]
[BlackElo "1903"]
[WhiteTeam "SG Königskinder Hohentübingen"]
[BlackTeam "SK Bebenhausen"]
[PlyCount "93"]
[WhiteFideId "16224221"]
[BlackFideId "16244656"]
[EventCountry "GER"]
[EventRounds "7"]
[EventType "team-swiss"]
[EventDate "2018.12.26"]

1.   2. e4 e5 3. Nf3 Nc6 4. Bb5 a6 5. Ba4 Nf6 6. O-O Be7 7. d3 b5 8. Bb3 O-O 9.
Re1 d6 10. c3 Na5 11. Bc2 c5 12. Nbd2 Qc7 13. Nf1 Nc6 14. h3 d5 15. exd5 Nxd5
16. Ne3 Be6 17. Ng4 f6 18. d4 Rad8 19. Qd3 g6 20. dxe5 Ndb4 21. Qe2 Bxg4 22.
hxg4 Nxc2 23. Qxc2 fxe5 24. Bh6 Rfe8 25. Qe4 Bf6 26. Bg5 Bxg5 27. Nxg5 Qd6 28.
Qe3 c4 29. Ne4 Qe6 30. g5 Kh8 31. Nf6 Rf8 32. Rad1 h6 33. Ne4 hxg5 34. Qxg5 Kg7
35. Nc5 Qf7 36. Ne4 Rd5 37. a4 Qd7 38. Ra1 b4 39. Rac1 b3 40. Ra1 Qf5 41. Qe3
Qd7 42. Qb6 Nb8 43. Nc5 Qf5 44. Ne6 Kh8 45. Nxf8 Qxf8 46. Qxg6 Rd2 47. Qh5 Kg8
48. Qg5  1-0

[Event "DVM U16 2018"]
[Site "Aurich GER"]
[Date "2018.12.27"]
[Round "2"]
[White "Freiherr von Hauff, Christopher"]
[Black "Hurm, Moritz"]
[Result "1-0"]
[Termination "normal"]
[Board "9.2"]
[WhiteElo "1802"]
[BlackElo "1789"]
[WhiteTeam "SK Bebenhausen"]
[BlackTeam "SG Königskinder Hohentübingen"]
[PlyCount "61"]
[WhiteFideId "16200691"]
[BlackFideId "16235150"]
[EventCountry "GER"]
[EventRounds "7"]
[EventType "team-swiss"]
[EventDate "2018.12.26"]

1. e4 c5 2. c3 Nf6 3. e5 Nd5 4. d4 cxd4 5. Nf3 e6 6. cxd4 d6 7. Bc4 Be7 8. O-O
Nc6 9. Qe2 a6 10. Qe4 Nb6 11. Bb3 Bd7 12. Qg4 g6 13. Bh6 Qc7 14. Re1 Na5 15.
Nc3 Nxb3 16. axb3 O-O-O 17. Rac1 Kb8 18. Nb5 Qxc1 19. Rxc1 Bxb5 20. exd6 Bxd6
21. Bf4 Nd5 22. Bxd6 Rxd6 23. Qg3 Rhd8 24. Ne5 Ka7 25. Nxf7 R6d7 26. Nxd8 Rxd8
27. Qe5 Re8 28. h3 Bc6 29. Qd6 g5 30. Rxc6 bxc6 31. Qd7  1-0

[Event "DVM U16 2018"]
[Site "Aurich GER"]
[Date "2018.12.27"]
[Round "2"]
[White "Hofele, Mathis"]
[Black "Ortner, Jonas Ruben"]
[Result "1-0"]
[Termination "normal"]
[Board "9.3"]
[WhiteElo "1679"]
[BlackElo "1710"]
[WhiteTeam "SG Königskinder Hohentübingen"]
[BlackTeam "SK Bebenhausen"]
[PlyCount "105"]
[WhiteFideId "12963844"]
[BlackFideId "16235118"]
[EventCountry "GER"]
[EventRounds "7"]
[EventType "team-swiss"]
[EventDate "2018.12.26"]

1. e4 c5 2. Nf3 g6 3. d4 cxd4 4. Nxd4 Nc6 5. c4 Nf6 6. Nc3 Nxd4 7. Qxd4 d6 8.
Bg5 Bg7 9. Be2 O-O 10. Qd2 Be6 11. Rc1 Qa5 12. b3 Rfc8 13. f3 a6 14. Nd5 Qxd2
15. Kxd2 Nxd5 16. exd5 Bd7 17. Rc2 f6 18. Bf4 Rc7 19. Rhc1 Rac8 20. Be3 Kf7 21.
g3 b5 22. cxb5 Rxc2 23. Rxc2 Rxc2 24. Kxc2 axb5 25. Kc3 e6 26. dxe6 Kxe6 27.
Kb4 Bc6 28. f4 d5 29. Bxb5 Bb7 30. Bd3 f5 31. Kc5 Ba8 32. Bd4 Bxd4 33. Kxd4 h6
34. h4 Kf6 35. a4 g5 36. hxg5 hxg5 37. fxg5 Kxg5 38. Ke5 Kg4 39. Bxf5 Kxg3 40.
Be6 d4 41. Kxd4 Kf3 42. Bd5 Kf2 43. Bxa8 Kg1 44. b4 Kf2 45. b5 Kg3 46. b6 Kh2
47. b7 Kg1 48. b8Q Kf1 49. Qf4 Kg1 50. Qg3 Kf1 51. Qg2 Ke1 52. Kd3 Kd1 53. Qg1 
1-0